Statistics for Omaha Basketball: Top 10 All-Time Leaders

Click here to take the quiz!

General Stats

  • This quiz has been taken 1 time
    (0 since last reset)
  • The average score is 0 of 86

Answer Stats

Category#PlayerAmount% Correct
Assists5Ayo Akinwole255
0%
Steals7Ayo Akinwole101
0%
Three Pointers Made8Ayo Akinwole101
0%
Rebounds6Ayo Akinwole275
0%
GamesT3Ayo Akinwole120
0%
Points Per Game4C.J. Carter13.3
0%
BlocksT8C.J. Carter30
0%
Three Pointers Made7C.J. Carter114
0%
Steals4C.J. Carter115
0%
Field Goal Percent4C.J. Carter44.1%
0%
Assists4C.J. Carter267
0%
GamesT10C.J. Carter90
0%
Points5C.J. Carter1,199
0%
BlocksT8Daniel Meyer30
0%
Games7Daniel Meyer112
0%
Three Pointers Made9Daniel Norl74
0%
Three Pointers Made6Devin Patterson116
0%
Assists2Devin Patterson311
0%
Points4Devin Patterson1,215
0%
Games9Devin Patterson91
0%
Points Per Game3Devin Patterson13.4
0%
Steals2Devin Patterson175
0%
BlocksT10Dylan Brougham28
0%
Points Per Game2Jake White13.4
0%
Rebounds10Jake White311
0%
Assists10John Karhoff134
0%
Points Per Game6John Karhoff12.6
0%
Blocks5John Karhoff39
0%
Games1JT Gibson132
0%
Steals5JT Gibson111
0%
Three Pointers Made1JT Gibson230
0%
Points3JT Gibson1,309
0%
Assists6JT Gibson244
0%
Three Pointers Made10Justin Simmons70
0%
BlocksT10Justin Simmons28
0%
StealsT9Justin Simmons69
0%
Points Per Game1Justin Simmons13.5
0%
Points8KJ Robinson1,112
0%
Games6KJ Robinson117
0%
Steals8KJ Robinson86
0%
Assists3KJ Robinson269
0%
Three Pointers Made3KJ Robinson162
0%
Rebounds7Marcus Tyus325
0%
Steals3Marcus Tyus124
0%
Points2Marcus Tyus1,334
0%
Three Pointers Made2Marcus Tyus164
0%
Games5Marcus Tyus118
0%
Assists7Marcus Tyus168
0%
Points Per Game10Marcus Tyus11.3
0%
Blocks4Matt Hagerbaumer55
0%
Assists9Matt Pile136
0%
Points6Matt Pile1,177
0%
Rebounds1Matt Pile916
0%
GamesT3Matt Pile120
0%
Blocks1Matt Pile139
0%
Field Goal Percent1Matt Pile58.4%
0%
Rebounds4Mike Rostampour461
0%
Blocks7Mitchell Hahn33
0%
Points9Mitchell Hahn974
0%
Points Per Game8Mitchell Hahn12.5
0%
Rebounds5Mitchell Hahn441
0%
Three Pointers Made5Mitchell Hahn139
0%
Steals1Tra-Deon Hollins235
0%
Assists1Tra-Deon Hollins405
0%
ReboundsT8Tra-Deon Hollins317
0%
Points Per Game5Tra-Deon Hollins13.0
0%
Points10Tra-Deon Hollins829
0%
Games8Tre'Shawn Thurman93
0%
Points7Tre'Shawn Thurman1,164
0%
Points Per Game7Tre'Shawn Thurman12.5
0%
StealsT9Tre'Shawn Thurman69
0%
Field Goal Percent2Tre'Shawn Thurman50.3%
0%
Blocks2Tre'Shawn Thurman91
0%
Rebounds2Tre'Shawn Thurman624
0%
GamesT10Wanjang Tut90
0%
Blocks3Wanjang Tut60
0%
ReboundsT8Wanjang Tut317
0%
Points Per Game9Zach Jackson12.5
0%
Three Pointers Made4Zach Jackson153
0%
Games2Zach Jackson126
0%
Rebounds3Zach Jackson537
0%
Steals6Zach Jackson108
0%
Assists8Zach Jackson147
0%
Field Goal Percent3Zach Jackson48.7%
0%
Points1Zach Jackson1,570
0%
Blocks6Zach Pirog38
0%

Score Distribution

Percentile by Number Answered

Percent of People with Each Score

Your Score History

You have not taken this quiz since the last reset